[Event "Stay Safe Play From Home 130"]
[Site "T#645803Emanuel Laske"]
[Date "2020.05.07"]
[Round "5"]
[White "Kubas"]
[Black "Lazieri3"]
[Result "1/2-1/2"]
[WhiteElo "2423"]
[BlackElo "2058"]
[Annotator "TA"]
[PlyCount "125"]
[EventDate "2020.05.07"]
[EventType "swiss (blitz)"]

{[%evp 14,125,0,2,9,-2,18,0,9,0,0,0,36,39,31,20,25,18,23,30,43,49,50,35,52,15,35,18,53,37,56,0,0,0,0,0,22,0,0,0,0,0,0,0,133,134,156,143,169,0,0,0,0,0,0,0,0,0,0,0,0,0,0,0,5306,0,0,0,0,0,0,0,0,0,0,0,0,0,0,0,0,0,0,0,0,0,0,-29983,-29984,-29984,-29985,-29986,-29987,-29988,-29989,-29989,-29990,-29990,-29989,-29989,-29989,-29992,-29993,-29993,-29992,-29992,-29992,-29992,-29993,-29993,-29993,-29993,-29994,-29994]} 1. e4 c6 2. Nf3 d5 3. Nc3 dxe4 4. Nxe4 Nf6 5. Nxf6+ exf6 6. Bc4 Bd6 7. O-O O-O 8. d4 Re8 {B15: Caro-Kann: 3 Nc3: 3...g6 and 3...dxe4 4 Nxe4 Nf6 5 Nxf6+ exf6.} 9. c3 {[#]} Be6 $146 ({Predecessor:} 9... Bg4 10. h3 Bh5 11. Be2 Nd7 12. Re1 f5 13. Bd2 Nf6 14. Bg5 h6 15. Bxf6 Qxf6 16. Nd2 {1-0 (80) Almasi,Z (2684)-Kreisl,R (2448) Baku 2016}) 10. Bb3 Bxb3 {The position is equal.} 11. Qxb3 Qb6 12. Be3 Qxb3 13. axb3 a6 14. Nd2 Nd7 15. Rfe1 Nb6 16. Nc4 Nxc4 17. bxc4 f5 18. Bd2 f6 19. f3 Kf7 20. Kf2 g6 (20... Bxh2 $6 21. f4 $16) 21. g3 Rad8 22. Bf4 ({White should play} 22. Rxe8 $14 Kxe8 23. Ke3) 22... Bxf4 $11 23. gxf4 Rxe1 24. Rxe1 Re8 25. Rxe8 Kxe8 {[%mdl 4096] Endgame KP-KP} 26. c5 $1 Ke7 27. Ke2 Ke6 28. Ke3 g5 (28... Kd7 $11 {remains equal.}) 29. c4 a5 30. b3 h6 31. h3 $2 (31. Kd3 $18) 31... h5 32. Kd3 h4 (32... gxf4 $2 33. Kc3 $18) 33. Ke3 Ke7 34. Kf2 Ke6 ({Wrong is} 34... gxf4 $2 35. Ke2 $18) 35. Ke2 Ke7 ({But not} 35... gxf4 $2 36. Kd3 $18) 36. d5 Kd7 37. d6 Ke6 38. Ke3 Kd7 $2 {[%mdl 8192]} (38... Kf7 $11) 39. Kd4 $2 (39. fxg5 $18 {Intending g6 and mate.} fxg5 40. f4 gxf4+ 41. Kxf4) 39... Ke6 (39... gxf4 $2 40. Kc3 $18) 40. fxg5 fxg5 41. Ke3 Kf6 42. f4 {Threatens to win with fxg5+.} g4 43. hxg4 fxg4 {[#]} 44. f5 $1 {[%mdl 512]} g3 (44... h3 $5 45. Kf2 $8 h2 $11) (44... Kxf5 45. d7) 45. Kf3 Kf7 46. Kg2 Kf6 47. Kh3 Kf7 48. Kg2 ({Don't blunder} 48. Kxh4 $2 g2 $19) 48... Kf6 49. Kg1 Kf7 50. d7 $2 {[%mdl 8192] [#]} (50. Kg2 $11) 50... Ke7 {Black mates.} 51. f6+ Kxd7 52. Kg2 Ke6 53. Kf3 Kf7 54. Kg2 Kxf6 55. Kh3 Ke5 56. Kg2 Kd4 57. b4 axb4 58. Kf3 Kxc5 59. Kg2 Kxc4 60. Kh3 b3 61. Kxh4 b2 62. Kxg3 b1=Q 63. Kf3 {[%mdl 32768] What a fight! Accuracy: White = 88%, Black = 88%. . An unexpected result.} 1/2-1/2

[Event "Stay Safe Play From Home 130"]
[Site "T#645803Emanuel Laske"]
[Date "2020.05.07"]
[Round "5"]
[White "Indianquant"]
[Black "Onlyforchess"]
[Result "0-1"]
[WhiteElo "2322"]
[BlackElo "2536"]
[Annotator "TA"]
[PlyCount "82"]
[EventDate "2020.05.07"]
[EventType "swiss (blitz)"]

{[%evp 9,82,142,142,137,139,139,142,132,129,124,125,76,91,86,143,143,142,130,139,103,100,0,80,89,91,93,88,79,81,33,46,0,134,134,134,130,154,156,147,117,178,180,202,199,360,206,206,208,347,345,334,310,431,381,412,410,360,119,103,-775,-462,-460,-460,-456,-454,-456,-441,-441,-430,-430,-421,-29981,-29982,-29982,-29983]} 1. Nf3 c5 2. c4 Nc6 3. Nc3 d5 {[#]} 4. cxd5 $146 ({Predecessor:} 4. Nxd5 g6 5. g3 Bg7 6. Bg2 Nf6 7. Nc3 O-O 8. O-O Bf5 9. d3 Qd7 10. Be3 b6 11. d4 cxd4 12. Nxd4 Nxd4 13. Bxa8 {½-½ (62) Pedersen,S-Hicdoenmez,H LSS email 2007}) 4... Nd4 5. e3 Nxf3+ 6. Qxf3 {A35: Symmetrical English: 2 Nc3 Nc6 3 Nf3.} Nf6 7. Bc4 g6 8. h3 {White is clearly better.} Bg7 9. O-O O-O 10. b3 a6 {[#]} 11. a4 $1 Nd7 (11... b6 $142) 12. Bb2 $16 Ne5 13. Qe2 Nxc4 14. Qxc4 b6 15. b4 ({White should play} 15. a5 $16) 15... cxb4 (15... a5 $1 $11 16. b5 e6) 16. Qxb4 a5 17. Qb3 Ba6 18. Rfc1 $36 {[%mdl 2048] White is on the roll.} Rc8 19. d4 Bc4 20. Qa3 Bxd5 (20... Re8 $11 {keeps the balance.}) 21. Nxd5 Qxd5 22. Qxe7 Qb3 23. Qa3 Qd5 24. Rc3 f5 (24... Rxc3 $16 25. Qxc3 Ra8) 25. Rac1 $18 Rxc3 26. Qxc3 Kh8 $2 (26... f4 {was necessary.} 27. exf4 Rxf4) 27. Qc6 (27. Ba3 $142 Ra8 {[#]} 28. Qc6 $1 {[%mdl 512]} Qxc6 29. Rxc6) 27... Qb3 28. Qc2 Qd5 (28... Qa2 $142 29. f3 h5) 29. Ba3 Re8 30. Qc6 Qf7 31. Qxb6 f4 32. exf4 Qxf4 33. d5 $2 (33. Qc6 $18 {is more deadly.} Rg8 34. d5) 33... Bd4 $16 34. Bb2 $2 {[%mdl 8192]} (34. Qb1 $16) 34... Qxf2+ 35. Kh1 Qxb2 36. Qxb2 Bxb2 $19 {KRB-KR} 37. Rc5 Re1+ 38. Kh2 Be5+ 39. g3 Re2+ 40. Kg1 (40. Kh1 $19) 40... Bd4+ {[%mdl 64] Double Attack} 41. Kf1 Rf2+ {What a fight! Accuracy: White = 46%, Black = 53%.} 0-1

[Event "Stay Safe Play From Home 130"]
[Site "T#645803Emanuel Laske"]
[Date "2020.05.07"]
[Round "5"]
[White "Lamborghini"]
[Black "EL sanbary"]
[Result "1-0"]
[WhiteElo "2310"]
[BlackElo "1980"]
[Annotator "NA RC"]
[PlyCount "107"]
[EventDate "2020.05.07"]
[EventType "swiss (blitz)"]

1. e4 {[%emt 0:00:01]} c5 {[%emt 0:00:01]} 2. Nf3 {[%emt 0:00:01]} g6 {[%emt 0:00:01]} 3. d4 {[%emt 0:00:01]} cxd4 {[%emt 0:00:01]} 4. Nxd4 {[%emt 0:00:00]} Bg7 {[%emt 0:00:01]} 5. Nc3 {[%emt 0:00:01]} Nc6 {[%emt 0:00:01]} 6. Be3 {[%emt 0:00:01]} Nf6 {[%emt 0:00:01]} 7. Bc4 {[%emt 0:00:01]} O-O {[%emt 0:00:01]} 8. Bb3 {[%emt 0:00:01]} e6 {[%emt 0:00:01]} 9. Nxc6 {[%emt 0:00:02]} bxc6 {[%emt 0:00:01]} 10. Qd6 {[%emt 0:00:01]} Ne8 {[%emt 0:00:02]} 11. Qd2 {[%emt 0:00:01]} d5 {[%emt 0:00:01]} 12. O-O-O {[%emt 0:00:01]} Nc7 {[%emt 0:00:02]} 13. Bh6 {[%emt 0:00:01]} Bxh6 {[%emt 0:00:03]} 14. Qxh6 {[%emt 0:00:02]} Qf6 {[%emt 0:00:00]} 15. f4 {[%emt 0:00:02]} Qg7 {[%emt 0:00:01]} 16. Qxg7+ {[%emt 0:00:01]} Kxg7 {[%emt 0:00:00]} 17. h4 {[%emt 0:00:01]} h5 {[%emt 0:00:01]} 18. Rhg1 {[%emt 0:00:01]} a5 {[%emt 0:00:03]} 19. a4 {[%emt 0:00:01]} Na6 {[%emt 0:00:02]} 20. g3 {[%emt 0:00:01]} Nc5 {[%emt 0:00:01]} 21. Rge1 {[%emt 0:00:02]} Nxb3+ {[%emt 0:00:01]} 22. cxb3 {[%emt 0:00:00]} Rb8 {[%emt 0:00:00]} 23. Kc2 {[%emt 0:00:01]} Ba6 {[%emt 0:00:01]} 24. Rd4 {[%emt 0:00:03]} Rb7 {[%emt 0:00:01]} 25. exd5 {[%emt 0:00:01]} cxd5 {[%emt 0:00:01]} 26. Re3 {[%emt 0:00:01]} Rfb8 {[%emt 0:00:01]} 27. Nd1 {[%emt 0:00:01]} Kf6 {[%emt 0:00:04]} 28. Rc3 {[%emt 0:00:01]} Rb6 {[%emt 0:00:02]} 29. Ne3 {[%emt 0:00:01]} Be2 {[%emt 0:00:02]} 30. Kb1 {[%emt 0:00:03]} Bg4 {[%emt 0:00:02]} 31. Ka2 {[%emt 0:00:01]} Bf5 {[%emt 0:00:01]} 32. Rd2 {[%emt 0:00:03]} Rb4 {[%emt 0:00:02]} 33. Nf1 {[%emt 0:00:02]} Re4 {[%emt 0:00:02]} 34. Rf2 {[%emt 0:00:01]} Re1 {[%emt 0:00:01]} 35. Nd2 {[%emt 0:00:00]} Rc8 {[%emt 0:00:01]} 36. Rxc8 {[%emt 0:00:01]} d4 {[%emt 0:00:01]} 37. Rc5 {[%emt 0:00:01]} e5 {[%emt 0:00:01]} 38. fxe5+ {[%emt 0:00:01]} Kg7 {[%emt 0:00:01]} 39. e6 {[%emt 0:00:02]} fxe6 {[%emt 0:00:01]} 40. Nc4 {[%emt 0:00:01]} Bb1+ {[%emt 0:00:02]} 41. Ka3 {[%emt 0:00:01]} Bd3 {[%emt 0:00:00]} 42. Nxa5 {[%emt 0:00:00]} e5 {[%emt 0:00:02]} 43. Kb4 {[%emt 0:00:00]} e4 {[%emt 0:00:00]} 44. Rd5 {[%emt 0:00:01]} e3 {[%emt 0:00:00]} 45. Rf4 {[%emt 0:00:01]} e2 {[%emt 0:00:01]} 46. Re5 {[%emt 0:00:00]} Rb1 {[%emt 0:00:01]} 47. Rxd4 {[%emt 0:00:01]} e1=Q+ {[%emt 0:00:00]} 48. Rxe1 {[%emt 0:00:01]} Rxe1 {[%emt 0:00:00]} 49. Rxd3 {[%emt 0:00:01]} Re4+ {[%emt 0:00:00]} 50. Ka3 {[%emt 0:00:01]} Re5 {[%emt 0:00:00]} 51. Nc4 {[%emt 0:00:00]} Rc5 {[%emt 0:00:01]} 52. a5 {[%emt 0:00:00]} Rf5 {[%emt 0:00:00]} 53. Rd7+ {[%emt 0:00:00]} Kh6 {[%emt 0:00:02]} 54. Rd5 {[%emt 0:00:00] Time} 1-0

[Event "Stay Safe Play From Home 130"]
[Site "T#645803Emanuel Laske"]
[Date "2020.05.07"]
[Round "5"]
[White "rohit2007"]
[Black "Mepe_Nika"]
[Result "1-0"]
[WhiteElo "2193"]
[BlackElo "2347"]
[Annotator "TA"]
[PlyCount "129"]
[EventDate "2020.05.07"]
[EventType "swiss (blitz)"]

{[%evp 14,129,0,0,0,-134,-81,-98,2,-101,30,-11,29,6,4,0,20,-102,-58,-55,39,21,41,26,51,40,135,110,71,70,118,100,186,96,212,28,7,0,0,-208,173,64,60,69,60,17,15,17,14,11,123,121,123,-29,-46,-35,-24,-33,-6,-32,0,0,0,-18,-30,-8,0,0,0,0,0,0,0,-1,-8,-11,-28,-363,-326,-360,-350,-372,-232,-307,-181,-793,0,-1525,-1079,-1442,-1352,-1543,-1523,-2659,-2124,-5816,-5816,-29979,-29980,-29980,-29981,-29981,-29979,-29982,-29982,-29983,-29985,-29991,-29992,-29992,-29993,-29994,-29993,-29996,-29993,-29994,-29994,-29994]} 1. e4 e5 2. Nf3 Nc6 3. d4 exd4 4. c3 Nf6 5. e5 Nd5 6. cxd4 Bb4+ 7. Bd2 Bxd2+ 8. Nbxd2 d6 {8...d6 is better than 8...0-0. C44: Ponziani Opening and Scotch Gambit.} 9. Bd3 (9. Bb5 $11) 9... dxe5 ({Black should play} 9... Nf4 $1 {[%cal Rf4d3]} 10. Bf1 dxe5 11. dxe5 O-O) 10. dxe5 {[#]} Bg4 $146 (10... Nf4 $17 11. Bf1 O-O) ({Predecessor:} 10... Ne3 11. Qe2 Nxg2+ 12. Kd1 Nf4 13. Qe3 Nxd3 {0-1 (13) Brank,B (1901)-Picco,R (2062) Nova Gorica 2010}) 11. O-O (11. Qa4 $11 {remains equal.} Qd7 12. O-O) 11... O-O (11... Ne3 $1 $17 {[%cal Re3d1]} 12. fxe3 Qxd3) 12. h3 Bh5 (12... Nxe5 $5 13. Bxh7+ Kxh7 14. Qc2+ Ng6 15. hxg4 Kg8 $11) 13. Re1 Nf4 14. Be4 Nd4 15. Nf1 (15. Qa4 $11 c5 16. Qa3 (16. Bxb7 Rb8 $15)) 15... Nxf3+ (15... c5 {looks sharper.} 16. b4 Qe7 17. Ng3 Bxf3 18. Bxf3 Rad8) 16. Bxf3 Bxf3 (16... Qg5 $15 17. Bg4 Rad8) 17. Qxf3 $14 {[%mdl 64] Double Attack} Ne6 18. Rad1 Qc8 19. Ng3 c6 (19... Qe8 $14) 20. Nf5 $16 {And now Ne7+ would win.} Qc7 21. Qg4 $36 {[%mdl 2048] White has good play.} Rfd8 22. Rd6 g6 {[#]} (22... Kh8 $16 {was necessary.}) 23. Nh6+ ({Better is} 23. Re3 $1 $18) 23... Kf8 (23... Kg7 $16 24. Nxf7 Qxf7) 24. Rxe6 $2 (24. Re3 $18 Rxd6 25. exd6 Qxd6 26. Rf3 Qd1+ {[#]} 27. Kh2 $1 {[%mdl 512]} Qd6+ 28. g3) 24... fxe6 $11 25. Qxe6 {White wants to mate with Qg8+.} Qg7 26. Ng4 $2 (26. Re3 $1 $11 Qxh6 27. Rf3+ Kg7 28. Rf7+ Kh8 29. Qf6+ Kg8 30. g4) 26... Re8 $4 {[%mdl 8192]} (26... Qf7 $19 {avoids the disaster.} 27. Qf6 Qxf6 28. Nxf6 Rd2) 27. Qd6+ (27. Qb3 $18 {Strongly threatening Re3.} Qe7 28. Nf6) 27... Qe7 $14 28. Qd4 {[%mdl 1024] Threatens to win with e6. White has compensation.} Rad8 29. Qf4+ Kg7 $1 30. Nf6 Rf8 $1 31. h4 Rxf6 (31... h6 $11) 32. exf6+ $16 Qxf6 33. Qxf6+ $2 (33. Qc7+ $16 Kh8 34. Qxb7) 33... Kxf6 $11 {[%mdl 4096] Endgame KR-KR} 34. Re2 Rd1+ 35. Kh2 Rd5 36. Kg3 Re5 37. Rd2 Ke6 38. f4 Rd5 39. Re2+ Kd6 40. Kf3 c5 41. g4 c4 42. Ke4 b5 {[%cal Bb7b5,Bb5b4][%mdl 32]} 43. g5 b4 44. Rc2 Kc5 45. b3 $2 {[%mdl 8192]} (45. h5 $1 $11) 45... c3 $19 46. Ke3 a5 47. Re2 Rd7 {...Re7+ is the strong threat.} 48. Rc2 Re7+ (48... Kd5 $142 49. Kf3 Rd6) 49. Kf3 $2 (49. Kd3) 49... Rd7 $2 (49... Kd4 $19 50. Rc1 Kd3 51. Rd1+ Kc2) 50. Kg4 $2 {[%mdl 8192]} (50. Ke3 $11) 50... Rd2 51. Rc1 Kd4 52. f5 gxf5+ 53. Kxf5 Kd3 54. h5 c2 55. g6 hxg6+ {Black mates.} 56. hxg6 Rf2+ 57. Ke6 Rg2 58. g7 Rxg7 59. Kf6 Kd2 60. Rd1+ cxd1=Q 61. Kxg7 Qf3 62. Kg8 Kc2 63. Kh8 Kb2 64. Kg8 Kxa2 65. Kh8 {[%mdl 32768] Quite a comeback for Black. Accuracy: White = 41%, Black = 49%. . Sensor Board Error (Ke4/e5)?} 1-0

[Event "Stay Safe Play From Home 130"]
[Site "T#645803Emanuel Laske"]
[Date "2020.05.07"]
[Round "5"]
[White "SoulofWolf"]
[Black "Shatarchin7"]
[Result "1/2-1/2"]
[WhiteElo "2180"]
[BlackElo "2162"]
[Annotator "NA"]
[PlyCount "142"]
[EventDate "2020.05.07"]
[EventType "swiss (blitz)"]

1. Nf3 {[%emt 0:00:00]} d5 {[%emt 0:00:01]} 2. c4 {[%emt 0:00:00]} Nf6 {[%emt 0:00:01]} 3. b3 {[%emt 0:00:00]} c6 {[%emt 0:00:01]} 4. Bb2 {[%emt 0:00:00]} g6 {[%emt 0:00:01]} 5. e3 {[%emt 0:00:00]} Bg7 {[%emt 0:00:01]} 6. d4 {[%emt 0:00:01]} O-O {[%emt 0:00:01]} 7. Nbd2 {[%emt 0:00:00]} dxc4 {[%emt 0:00:01]} 8. Bxc4 {[%emt 0:00:01]} Nbd7 {[%emt 0:00:01]} 9. O-O {[%emt 0:00:01]} c5 {[%emt 0:00:00]} 10. Rc1 {[%emt 0:00:01]} cxd4 {[%emt 0:00:00]} 11. Nxd4 {[%emt 0:00:00]} b6 {[%emt 0:00:00]} 12. N2f3 {[%emt 0:00:01]} Bb7 {[%emt 0:00:00]} 13. Qe2 {[%emt 0:00:01]} Rc8 {[%emt 0:00:01]} 14. Ba6 {[%emt 0:00:01]} Bxa6 {[%emt 0:00:00]} 15. Qxa6 {[%emt 0:00:01]} Rxc1 {[%emt 0:00:01]} 16. Rxc1 {[%emt 0:00:00]} Qb8 {[%emt 0:00:01]} 17. Ba3 {[%emt 0:00:02]} Re8 {[%emt 0:00:03]} 18. Qb5 {[%emt 0:00:02]} e5 {[%emt 0:00:01]} 19. Nc6 {[%emt 0:00:01]} Qb7 {[%emt 0:00:01]} 20. Qa4 {[%emt 0:00:06]} b5 {[%emt 0:00:02]} 21. Qxa7 {[%emt 0:00:02]} Qxa7 {[%emt 0:00:01]} 22. Nxa7 {[%emt 0:00:00]} Rb8 {[%emt 0:00:11]} 23. Nc6 {[%emt 0:00:01]} Ra8 {[%emt 0:00:01]} 24. Bd6 {[%emt 0:00:05]} e4 {[%emt 0:00:04]} 25. Nfd4 {[%emt 0:00:01]} Ne8 {[%emt 0:00:01]} 26. Bg3 {[%emt 0:00:03]} f5 {[%emt 0:00:01]} 27. Nxb5 {[%emt 0:00:02]} Rxa2 {[%emt 0:00:02]} 28. Rd1 {[%emt 0:00:00]} Ndf6 {[%emt 0:00:01]} 29. h3 {[%emt 0:00:02]} Kf7 {[%emt 0:00:01]} 30. Rd7+ {[%emt 0:00:02]} Nxd7 {[%emt 0:00:02]} 31. Kh2 {[%emt 0:00:02]} Nb6 {[%emt 0:00:01]} 32. Nd8+ {[%emt 0:00:01]} Ke7 {[%emt 0:00:01]} 33. Nc6+ {[%emt 0:00:00]} Kd7 {[%emt 0:00:00]} 34. Nb4 {[%emt 0:00:04]} Rb2 {[%emt 0:00:01]} 35. Na7 {[%emt 0:00:05]} Rxb3 {[%emt 0:00:01]} 36. Na2 {[%emt 0:00:01]} Rb2 {[%emt 0:00:01]} 37. Nc1 {[%emt 0:00:00]} Rc2 {[%emt 0:00:01]} 38. Ne2 {[%emt 0:00:01]} Rxe2 {[%emt 0:00:01]} 39. Nb5 {[%emt 0:00:01]} Rb2 {[%emt 0:00:01]} 40. Na3 {[%emt 0:00:01]} Nd6 {[%emt 0:00:01]} 41. h4 {[%emt 0:00:02]} Rb3 {[%emt 0:00:01]} 42. Nc2 {[%emt 0:00:00]} Rb2 {[%emt 0:00:00]} 43. Ne1 {[%emt 0:00:01]} Re2 {[%emt 0:00:01]} 44. f3 {[%emt 0:00:00]} Rxe1 {[%emt 0:00:00]} 45. Bxe1 {[%emt 0:00:00]} exf3 {[%emt 0:00:01]} 46. gxf3 {[%emt 0:00:00]} Be5+ {[%emt 0:00:00]} 47. Kg2 {[%emt 0:00:01]} Bf6 {[%emt 0:00:00]} 48. Bf2 {[%emt 0:00:00]} Ndc4 {[%emt 0:00:00]} 49. h5 {[%emt 0:00:00]} Nd5 {[%emt 0:00:01]} 50. hxg6 {[%emt 0:00:00]} hxg6 {[%emt 0:00:01]} 51. e4 {[%emt 0:00:00]} Nde3+ {[%emt 0:00:00]} 52. Kg1 {[%emt 0:00:00]} fxe4 {[%emt 0:00:01]} 53. Be1 {[%emt 0:00:00]} exf3 {[%emt 0:00:01]} 54. Bc3 {[%emt 0:00:01]} f2+ {[%emt 0:00:00]} 55. Kxf2 {[%emt 0:00:00]} Bxc3 {[%emt 0:00:00]} 56. Kg3 {[%emt 0:00:00]} Ke6 {[%emt 0:00:00]} 57. Kh4 {[%emt 0:00:00]} Kf6 {[%emt 0:00:00]} 58. Kg3 {[%emt 0:00:00]} g5 {[%emt 0:00:00]} 59. Kf2 {[%emt 0:00:00]} Be5 {[%emt 0:00:00]} 60. Ke2 {[%emt 0:00:00]} g4 {[%emt 0:00:00]} 61. Ke1 {[%emt 0:00:02]} Kf5 {[%emt 0:00:00]} 62. Kf2 {[%emt 0:00:00]} Ke4 {[%emt 0:00:00]} 63. Kg1 {[%emt 0:00:00]} g3 {[%emt 0:00:00]} 64. Kh1 {[%emt 0:00:00]} Kf4 {[%emt 0:00:00]} 65. Kg1 {[%emt 0:00:00]} Kg4 {[%emt 0:00:00]} 66. Kh1 {[%emt 0:00:00]} Kh3 {[%emt 0:00:00]} 67. Kg1 {[%emt 0:00:00]} Nb2 {[%emt 0:00:00]} 68. Kh1 {[%emt 0:00:00]} Nbd1 {[%emt 0:00:00]} 69. Kg1 {[%emt 0:00:00]} Bd4 {[%emt 0:00:00]} 70. Kh1 {[%emt 0:00:00]} Nf2+ {[%emt 0:00:01]} 71. Kg1 {[%emt 0:00:00]} Kg4 {[%emt 0:00:00] (Lag: Av=0.96s, max=1.8s)} 1/2-1/2

[Event "Stay Safe Play From Home 130"]
[Site "T#645803Emanuel Laske"]
[Date "2020.05.07"]
[Round "5"]
[White "Little champs"]
[Black "Edmatuag"]
[Result "1-0"]
[WhiteElo "2175"]
[BlackElo "1658"]
[Annotator "NA"]
[PlyCount "75"]
[EventDate "2020.05.07"]
[EventType "swiss (blitz)"]

1. d4 {[%emt 0:00:02]} d5 {[%emt 0:00:02]} 2. e3 {[%emt 0:00:00]} Nf6 {[%emt 0:00:01]} 3. Nf3 {[%emt 0:00:00]} c6 {[%emt 0:00:01]} 4. Be2 {[%emt 0:00:00]} Bg4 {[%emt 0:00:01]} 5. O-O {[%emt 0:00:00]} Bxf3 {[%emt 0:00:01]} 6. Bxf3 {[%emt 0:00:01]} g6 {[%emt 0:00:00]} 7. c4 {[%emt 0:00:00]} Bg7 {[%emt 0:00:01]} 8. Nc3 {[%emt 0:00:01]} e6 {[%emt 0:00:02]} 9. e4 {[%emt 0:00:01]} dxe4 {[%emt 0:00:01]} 10. Bxe4 {[%emt 0:00:01]} Nxe4 {[%emt 0:00:00]} 11. Nxe4 {[%emt 0:00:01]} O-O {[%emt 0:00:01]} 12. Be3 {[%emt 0:00:01]} Nd7 {[%emt 0:00:01]} 13. Nd6 {[%emt 0:00:02]} Rb8 {[%emt 0:00:04]} 14. Rc1 {[%emt 0:00:02]} Nf6 {[%emt 0:00:02]} 15. c5 {[%emt 0:00:02]} Ne8 {[%emt 0:00:01]} 16. Bf4 {[%emt 0:00:01]} e5 {[%emt 0:00:03]} 17. dxe5 {[%emt 0:00:01]} Qd7 {[%emt 0:00:02]} 18. Re1 {[%emt 0:00:02]} Qe6 {[%emt 0:00:01]} 19. Qb3 {[%emt 0:00:02]} Nc7 {[%emt 0:00:04]} 20. Rcd1 {[%emt 0:00:03]} Qxb3 {[%emt 0:00:01]} 21. axb3 {[%emt 0:00:01]} Ne6 {[%emt 0:00:00]} 22. Be3 {[%emt 0:00:03]} Bxe5 {[%emt 0:00:02]} 23. Nc4 {[%emt 0:00:01]} Bc7 {[%emt 0:00:02]} 24. b4 {[%emt 0:00:01]} f6 {[%emt 0:00:01]} 25. Bh6 {[%emt 0:00:02]} Rfe8 {[%emt 0:00:02]} 26. Bc1 {[%emt 0:00:03]} Rbd8 {[%emt 0:00:02]} 27. Be3 {[%emt 0:00:02]} Kf7 {[%emt 0:00:02]} 28. g3 {[%emt 0:00:01]} f5 {[%emt 0:00:02]} 29. f4 {[%emt 0:00:01]} Rxd1 {[%emt 0:00:03]} 30. Rxd1 {[%emt 0:00:01]} Rd8 {[%emt 0:00:00]} 31. Rxd8 {[%emt 0:00:01]} Bxd8 {[%emt 0:00:02]} 32. Nd6+ {[%emt 0:00:01]} Kf8 {[%emt 0:00:06]} 33. Nxb7 {[%emt 0:00:00]} Bf6 {[%emt 0:00:01]} 34. b3 {[%emt 0:00:02]} a5 {[%emt 0:00:01]} 35. bxa5 {[%emt 0:00:01]} Nc7 {[%emt 0:00:02]} 36. b4 {[%emt 0:00:02]} Na6 {[%emt 0:00:02]} 37. Bd2 {[%emt 0:00:01]} Bd4+ {[%emt 0:00:02]} 38. Kg2 {[%emt 0:00:01] Time (Lag: Av=0.53s, max=0.9s)} 1-0

[Event "Stay Safe Play From Home 130"]
[Site "T#645803Emanuel Laske"]
[Date "2020.05.07"]
[Round "5"]
[White "Haxhi Baha"]
[Black "matanant"]
[Result "1-0"]
[WhiteElo "2044"]
[BlackElo "1664"]
[Annotator "NA"]
[PlyCount "77"]
[EventDate "2020.05.07"]
[EventType "swiss (blitz)"]

1. e4 {[%emt 0:00:01]} e5 {[%emt 0:00:00]} 2. Nf3 {[%emt 0:00:01]} d5 {[%emt 0:00:00]} 3. exd5 {[%emt 0:00:01]} e4 {[%emt 0:00:01]} 4. Nd4 {[%emt 0:00:01]} Nf6 {[%emt 0:00:00]} 5. c4 {[%emt 0:00:01]} c6 {[%emt 0:00:02]} 6. Nb3 {[%emt 0:00:01]} cxd5 {[%emt 0:00:01]} 7. cxd5 {[%emt 0:00:00]} Qxd5 {[%emt 0:00:01]} 8. Nc3 {[%emt 0:00:00]} Qe5 {[%emt 0:00:02]} 9. d4 {[%emt 0:00:01]} exd3+ {[%emt 0:00:02]} 10. Be3 {[%emt 0:00:01]} Bf5 {[%emt 0:00:04]} 11. Bxd3 {[%emt 0:00:01]} Nc6 {[%emt 0:00:02]} 12. Bxf5 {[%emt 0:00:02]} Qxf5 {[%emt 0:00:01]} 13. O-O {[%emt 0:00:01]} Be7 {[%emt 0:00:01]} 14. Re1 {[%emt 0:00:01]} O-O {[%emt 0:00:01]} 15. Qe2 {[%emt 0:00:02]} Ng4 {[%emt 0:00:05]} 16. Bc5 {[%emt 0:00:02]} Bxc5 {[%emt 0:00:02]} 17. Nxc5 {[%emt 0:00:00]} Qh5 {[%emt 0:00:01]} 18. h3 {[%emt 0:00:02]} Nf6 {[%emt 0:00:03]} 19. Qxh5 {[%emt 0:00:02]} Nxh5 {[%emt 0:00:00]} 20. b3 {[%emt 0:00:02]} b6 {[%emt 0:00:01]} 21. N5e4 {[%emt 0:00:02]} Nd4 {[%emt 0:00:02]} 22. Rad1 {[%emt 0:00:04]} Nc2 {[%emt 0:00:02]} 23. Re2 {[%emt 0:00:01]} Nb4 {[%emt 0:00:01]} 24. a3 {[%emt 0:00:03]} Nf4 {[%emt 0:00:02]} 25. Red2 {[%emt 0:00:02]} Na6 {[%emt 0:00:03]} 26. Kh2 {[%emt 0:00:01]} Rac8 {[%emt 0:00:02]} 27. g3 {[%emt 0:00:01]} Ne6 {[%emt 0:00:01]} 28. b4 {[%emt 0:00:01]} Nac5 {[%emt 0:00:00]} 29. bxc5 {[%emt 0:00:02]} Nxc5 {[%emt 0:00:01]} 30. Nxc5 {[%emt 0:00:01]} Rxc5 {[%emt 0:00:01]} 31. Ne4 {[%emt 0:00:00]} Ra5 {[%emt 0:00:01]} 32. Rd3 {[%emt 0:00:01]} Ra4 {[%emt 0:00:01]} 33. Nd6 {[%emt 0:00:02]} g6 {[%emt 0:00:03]} 34. Kg2 {[%emt 0:00:01]} Kg7 {[%emt 0:00:02]} 35. f3 {[%emt 0:00:01]} h5 {[%emt 0:00:00]} 36. Ne4 {[%emt 0:00:01]} Rc8 {[%emt 0:00:02]} 37. h4 {[%emt 0:00:01]} Rc2+ {[%emt 0:00:01]} 38. Kh3 {[%emt 0:00:00]} Ra2 {[%emt 0:00:02]} 39. g4 {[%emt 0:00:01] Time (Lag: Av=0.75s, max=1.5s)} 1-0

[Event "Stay Safe Play From Home 130"]
[Site "T#645803Emanuel Laske"]
[Date "2020.05.07"]
[Round "5"]
[White "NagaRam"]
[Black "CastlingArrocco"]
[Result "0-1"]
[WhiteElo "1469"]
[BlackElo "1980"]
[Annotator "NA"]
[PlyCount "54"]
[EventDate "2020.05.07"]
[EventType "swiss (blitz)"]

1. e4 {[%emt 0:00:01]} e6 {[%emt 0:00:00]} 2. Nf3 {[%emt 0:00:01]} d5 {[%emt 0:00:00]} 3. exd5 {[%emt 0:00:01]} exd5 {[%emt 0:00:00]} 4. d4 {[%emt 0:00:01]} c6 {[%emt 0:00:00]} 5. c4 {[%emt 0:00:00]} f5 {[%emt 0:00:00]} 6. Nc3 {[%emt 0:00:02]} Nf6 {[%emt 0:00:01]} 7. Bg5 {[%emt 0:00:01]} Be7 {[%emt 0:00:01]} 8. cxd5 {[%emt 0:00:02]} Nxd5 {[%emt 0:00:01]} 9. Bxe7 {[%emt 0:00:02]} Qxe7+ {[%emt 0:00:00]} 10. Qe2 {[%emt 0:00:03]} Nxc3 {[%emt 0:00:02]} 11. Qxe7+ {[%emt 0:00:02]} Kxe7 {[%emt 0:00:01]} 12. bxc3 {[%emt 0:00:00]} Be6 {[%emt 0:00:01]} 13. Be2 {[%emt 0:00:01]} Kd6 {[%emt 0:00:00]} 14. O-O {[%emt 0:00:01]} Nd7 {[%emt 0:00:00]} 15. Ne5 {[%emt 0:00:02]} Nxe5 {[%emt 0:00:01]} 16. dxe5+ {[%emt 0:00:01]} Kxe5 {[%emt 0:00:00]} 17. Rfe1 {[%emt 0:00:01]} Kf6 {[%emt 0:00:00]} 18. Bf3 {[%emt 0:00:02]} Rhe8 {[%emt 0:00:00]} 19. Rad1 {[%emt 0:00:02]} Bxa2 {[%emt 0:00:01]} 20. Rxe8 {[%emt 0:00:01]} Rxe8 {[%emt 0:00:01]} 21. h3 {[%emt 0:00:01]} Bc4 {[%emt 0:00:03]} 22. Rd6+ {[%emt 0:00:01]} Re6 {[%emt 0:00:01]} 23. Rd8 {[%emt 0:00:02]} Re7 {[%emt 0:00:01]} 24. Rf8+ {[%emt 0:00:01]} Rf7 {[%emt 0:00:01]} 25. Rd8 {[%emt 0:00:00]} Bd5 {[%emt 0:00:01]} 26. Rd6+ {[%emt 0:00:01]} Ke7 {[%emt 0:00:01]} 27. Re6+ {[%emt 0:00:05]} Kxe6 {[%emt 0:00:01] NagaRam resigns (Lag: Av=0.52s, max=1.3s)} 0-1